| 000 | 00649nam a22001817a 4500 | ||
|---|---|---|---|
| 999 |
_c66775 _d66772 |
||
| 082 | _aR/2CS17 | ||
| 100 | _aAftab Ahmed Qureshi | ||
| 100 | _aRoll No. 17CS29 | ||
| 100 | _aSupervisor - Asst. Prof. Agha Shiraz A. Khan | ||
| 245 | _aSimulated Environment for Training / Testing Autonomous Vehicles Based on Behavioral Cloning and End to End Deep Learning Model. | ||
| 260 |
_aNawabshah _bQUEST _c2020 |
||
| 300 | _a31p | ||
| 700 | _aMuhammad Azeem Nohri (Roll No. 17CS36) | ||
| 700 | _aHitesh Kumar Meghwar (Roll No. 17CS37) | ||
| 700 | _aMuhammad Faizan (Roll No. 17CS15) | ||
| 700 | _aSabir Hussain Shar (Roll No. 17CS50) | ||
| 942 | _cTHESIS | ||